| 000 | 00333nam a22001337a 4500 | ||
|---|---|---|---|
| 020 | _a0 09 101940 0 | ||
| 082 | _aREF 060 CUR | ||
| 100 | _aCurrie, James (ed) | ||
| 245 | _aProfessional Organisations in the Commonwealth | ||
| 260 |
_aLondon _bHutchinson _c1970 |
||
| 300 |
_axvi,511p _b23cm |
||
| 500 | _aIncludes index | ||
| 942 | _cBK | ||
| 999 |
_c12865 _d12865 |
||